000 00339nam a2200121 4500
008 b xx# fre u
040 _aLB-BrCRDP
082 1 _a741.2
_bGUI
100 1 _aGuillaume, Véronique
245 1 0 _aDessine avec des lettres
_cVéronique Guillaume
942 _cBK
999 _c9976
_d9976